000 00792cam a2200205 4500
001 WB3708-13
008 000000n2001 000 0 eng u
035 _a(Sirsi) u111014
245 _aFlood cover at risk, insurers tell ministers.
260 _c2001
490 _aFinancial Times
_v 19 February 2001, 5(1)
520 _aLeading insurers have warned the government that they might be unable to continue to provide cover for nearly all households and business unless properties across Britain are better protected against flooding.
590 _aWB
650 _aASSOCIATION OF BRITISH INSURERS
650 _aFLOOD PREVENTION
650 _aPLANNING GUIDELINES
650 _aINSURANCE ISSUES
690 _aENVIRONMENTAL AND LAND CONSULTANCY-PLANNING AND DEVELOPMENT
942 _n0
999 _c66157
_d66157